| 000 | 00888nam2a22002411 4500 | ||
|---|---|---|---|
| 001 | v19\rc\1595271 | ||
| 005 | 20250618215440.0 | ||
| 035 | _a(NLR Aleph) 004718754 | ||
| 090 |
_a4302613 _c4302613 |
||
| 100 | _a20061002d1895 |||y0rusy50 ca | ||
| 101 | 0 | _arus | |
| 102 | _aRU | ||
| 105 | _ab z ||||| | ||
| 200 | 0 | _a... за февраль 1895 г. нов. ст. | |
| 210 |
_d[1895] _aБ. м. |
||
| 215 | _a23-42 с., 1 л. карт. | ||
| 461 | 0 |
_1001v19\rc\1595269 _12001#$aОбзор погоды ...$v... за февраль 1895 г. нов. ст. _94302590 _cСанкт-Петербург _d[1895]-[1896] _nтип. Имп. Акад. наук _p12 отт. _tОбзор погоды ... _v... за февраль 1895 г. нов. ст. |
|
| 801 | 0 |
_aRU _bNLR _gpsbo |
|
| 801 | 0 |
_aRU _bRuMoRGB _2psbo |
|
| 801 | 1 |
_aRU _bProSoft-M _2rusmarc |
|
| 852 |
_aNLR _j38.8.3.28 |
||
| 942 | _cBOOK | ||
| 980 | _aNB | ||